000 00564nam a2200181 4500
001 85520
003 BD-RjUL
005 20250812121408.0
008 250812s1970 ii ||||| |||| 00| 0 urd d
035 _a(BD-RjUL)85520
040 _aBD-RjUL
_beng
_cBD-RjUL
041 _aurd
082 _223
_a297.5
_bDEH 1970
100 _aدہلوی، شاہ ولی اللہ ;; Dehlavi, Shah Waliullah
_916585
245 _aہمعات ;; Humaat /
_cشاہ ولی اللہ دہلوی ;; Shah Waliullah Dehlvi
260 _aLahore :
_bSindh sagar akademy,
_c1970
942 _2ddc
_cBK
999 _c85520
_d85520